000
00303 a2200145 4500
001
162503
020
_a
040
_c
Magnum
100
_a
Regina, Tia.
240
1
0
_a
O paraiso dos insetos
_l
por
245
1
0
_a
O paraiso dos insetos
362
0
_a
1899
697
_a
IJ/LENDAS, FOLCLORE
942
_c
BK
999
_c
162503
_d
162503